[Event "IECG TE.2002.P.01106 email"]
[Site "IECG email"]
[Date "2002.12.30"]
[Round "?"]
[White "Taffijn, Aadrian"]
[Black "Sandehn, Kahn"]
[Result "0-1"]
[WhiteElo "2045"]
[BlackElo "2179"]
[PlyCount "20"]
[EventDate "2002.12.30"]
[EventType "tourn (corr)"]
[EventRounds "10"]
[SourceTitle "Corr 2008"]
[Source "ChessBase"]
[SourceDate "2008.06.24"]
[SourceVersion "1"]
[SourceVersionDate "2008.06.24"]
[SourceQuality "1"]

1. d4 Nf6 2. c4 c5 3. d5 e6 4. Nc3 exd5 5. cxd5 d6 6. e4 g6 7. Nf3 Bg7 8. h3 0-0 9. Bd3 Re8 10. 0-0 a6 0-1